| 000 | 00685nam a2200229 a 4500 | ||
|---|---|---|---|
| 008 | |||
| 020 | _a0419145508 (pbk.) | ||
| 049 | _aMAIN | ||
| 090 | _aTA638.24ALL | ||
| 100 | 1 | _aAllen, A.H. | |
| 245 | 1 | 0 |
_aReinforced concrete design to BS110 : _bsimply exaplain/ _cA.H.Allen |
| 260 |
_aLondon : _bE & FN Spon, _c1988 |
||
| 300 |
_avii, 238 p. : _bill. ; _c24 cm. |
||
| 650 | _aRobustness | ||
| 650 | _aAnalysis of structures. | ||
| 650 | 1 |
_aReinforced concrete construction _xStandards _xGreat Britain |
|
| 907 |
_a.b10208380 _b02-08-06 _c01-08-06 |
||
| 003 | |||
| 005 | 20230123134229.0 | ||
| 040 | _cNUST | ||
| 942 |
_cBOOKS _kTA638.24ALL |
||
| 999 |
_c162293 _d162293 |
||